000 00709nam a2200241 a 4500
001 BRL_1081
005 20190320211027.0
008 081113s1962----gw-o######---#000-0#eng-#
041 _aeng
044 _agw
050 4 _aNK844
_b.D66 1962
100 1 _aDörner, Gerd
_925762
245 1 0 _aMexican folk-art
_bWith 28 colour plates
_cGerd Dörner ; Traslated by Gladys Wheelhouse.
260 _aMunich
_bWilheim Andermann
_c1962
300 _a67 p.
_bil. (algunas a color)
_c21 cm.
500 _aAu1224
504 _aBibliografía: p. 66-67
650 1 4 _aArte popular
_zMéxico
_9882
650 1 4 _aArtesanías
_zMéxico
_93976
700 1 _aWheelhouse, Gladys
_etr.
_925763
902 _aGRL
942 _2lcc
_cB
999 _c9893
_d9893